Comuni della provincia di Ravenna - con mappa - Statistics

Statistiche generali
  • Questo quiz è stato fatto 92 volte
  • Il punteggio medio è 13 su 18
Risposte nella Mappa
Le risposte nella mappa del quiz sottostante sono codificate secondo una scala di colori dal rosso al verde in base alla % di persone che hanno risposto correttamente.
 
Statistiche sulle risposte
Risposta % Corretto
RAVENNA
100%
Cervia
92%
Faenza
90%
Lugo (di Romagna)
85%
Bagnacavallo
83%
Alfonsine
77%
Russi
77%
Brisighella
69%
Castel Bolognese
69%
Conselice
67%
Fusignano
60%
Massa Lombarda
60%
Solarolo
60%
Riolo Terme
58%
Bagnara di Romagna
56%
Cotignola
56%
Casola Valsenio
54%
Sant'Agata sul Santerno
50%
Nessun quiz corrispondente trovato
Distribuzione punteggi
Percentuale di utenti per punteggio
Percentile per numero di risposta
I tuoi punteggi nel tempo
Non hai fatto questo quiz